00774nam a2200205 a 450000100100000000500170001000800410002702000180006804000250008624500800011126000280019130000350021949000290025450400730028370000160035670000220037271000540039471000910044883000290053900004324720250909091242.0140303s2011 sp ac 000 0 spa d a9788483471388 aDO-SdBNPbspacBNPHU00aLa cooperación cultural para el desarrollo en el ámbito multilateral /. aMadrid :bAECID,c2011. a390 p. :bil., retrs ;c23 cm.1 aCultura y Desarrollov11 aIncluye referencias bibliográficas y notas al pie de las páginas1 aRey, German1 aMoneta, Carlos J.2 aAgencia Española de Cooperación Internacional2 aOrganización de Estados Iberoamericanos para la Educación, la Ciencia y la Cultura 0aCultura y Desarrollov11